| 000 | 00879 a2200241 4500 | ||
|---|---|---|---|
| 003 | OSt | ||
| 005 | 20230322095716.0 | ||
| 008 | 220726b2009 mx |||f |||| 001 0 spa d | ||
| 020 | _a9786074021356 | ||
| 040 | _cCHAP | ||
| 082 | 0 | 4 |
_a338.9270972 _bG64 _222 |
| 100 | 1 |
_948948 _aGonzález Gaudiano, Edgar J. |
|
| 245 | 1 | 0 |
_aTendencias y oportunidades de la sustentabilidad en México / _cpor Edgar J. González Gaudiano |
| 264 | 1 |
_aMéxico: _b Instituto de Investigaciones Sociales, UANL : _bPlaza y Valdés, _c2009. |
|
| 300 | _a120 páginas | ||
| 490 | 1 |
_aSerie desarrollo sustentable _v4 |
|
| 504 | _aIncluye índice | ||
| 650 | 1 |
_9139361 _aDesarrollo sustentable _x México |
|
| 650 | 2 |
_9129164 _aMedio ambiente _xAspectos sociales |
|
| 650 | 2 |
_9131313 _aDesarrollo sustentable _xAspectos ambientales |
|
| 830 | 0 |
_9126385 _aSerie desarrollo sustentable |
|
| 942 |
_2ddc _cLIBRO |
||
| 999 |
_c217339 _d217339 |
||